| 000 | 00361nam a2200133 i 4500 | ||
|---|---|---|---|
| 001 | 43982 | ||
| 003 | ES-MaACL | ||
| 007 | t| | ||
| 008 | 030320s1882 sp ||||1| spa d | ||
| 100 | 1 |
_aCayuela, Arturo MarĂa. _937216 |
|
| 245 | 1 | 3 |
_aLa Rota de Roncesvalles _b: poesia / _cArturo Cayuela. |
| 260 |
_aPamplona : _b[s.n.], _c1882. |
||
| 852 |
_aES-MaACL _jT-374-F-2 |
||
| 999 |
_c43982 _d43982 |
||